| 000 | 00385nam a22001577a 4500 | ||
|---|---|---|---|
| 005 | 20260210124500.0 | ||
| 008 | 260210b |||||||| |||| 00| 0 eng d | ||
| 020 | _a9780367405472 | ||
| 050 |
_aTA592 _b.W55 |
||
| 100 | _aWILSON, A. DONALD | ||
| 245 | _aTHE ORIGINAL SURVEY | ||
| 260 |
_aBOCA RATON _bCRC PRESS _c2022 |
||
| 300 |
_aXXI,519p. _billus |
||
| 650 | _asurveying | ||
| 942 | _cBK | ||
| 999 |
_c4526 _d4526 |
||